000 00684nam a2200181Ia 4500
008 100920s9999 xx 000 0 und d
082 _b54633
_a24 थ 89
100 _aसंपा. पाटील वसंत केशव.
245 _aयशवंतराव :विचार आणि वारसा.
260 _bपाटील दीपक वि., कर्हाड.
_c1989
300 _a95
_bसाधी
365 _b30
520 _aसायो.
630 _aयशवंतराव :विचार आणि वारसा.
650 _aसायो.
730 _aयशवंतराव :विचार आणि वारसा.
942 _cBOOK
999 _c699314
_d699311